000 00273nmm a2200097Ia 4500
008 220120s9999||||xx |||||||||||||||||und||
020 _a0-07-052929
100 _aCHIP magazine
245 0 _aMay 2011 : Poer tools, 158 full free applications, linux des
260 _aInfomedia18
999 _c139677
_d139677